Zhodnotenie účinnosti hmotnej zainteresovanosti na zvyšovaní kvality a technickej pokrokovosti výrobkov záverečná práca postgraduálneho štúdia

Salvato in:
Dettagli Bibliografici
Autore principale: Skála, Vladimír
Ente Autore: Vysoká škola ekonomická v Bratislave
Altri autori: Karaš, Juraj
Natura: Libro
Lingua:slovacco
Pubblicazione: Bratislava 1986
Tags: Aggiungi Tag
Nessun Tag, puoi essere il primo ad aggiungerne!!

MARC

LEADER 00000nam a2200000 4500
001 c022996
005 20221219101111.1
041 0 |a slo 
044 |a SK 
245 1 0 |a Zhodnotenie účinnosti hmotnej zainteresovanosti na zvyšovaní kvality a technickej pokrokovosti výrobkov  |b záverečná práca postgraduálneho štúdia  |c Vladimír Skála ; Ved. práce Juraj Karaš 
264 1 |a Bratislava  |c 1986 
300 |a 62 s. 
100 1 |a Skála, Vladimír 
700 1 |a Karaš, Juraj 
710 2 |a Vysoká škola ekonomická v Bratislave